O macaco de rabo cortado (Registo nº 4457)

Detalhes MARC
000 -Etiqueta do registo
Cabeçalho 01215nam a2200361 4500
005 - Identificador da versão
Campo de controlo 20240813122102.0
010 ## - Número internacional normalizado dos livros (ISBN)
Número (ISBN) 9789898054456
021 ## - Número do Depósito Legal
Código do país PT
Número 262602/07
035 ## - Other System Control Numbers
System Control Number (bn)1713434
System Control Number 2497622
003 - Persistent Record Identifier
control field http://catalogo.bnportugal.pt/ipac20/ipac.jsp?profile=bn&uri=full=3100024~!1713434~!0
100 ## - Dados gerais de processamento
Dados gerais de processamento 20090522d2007 bc y0pory5003 ba
102 ## - Pais de publicação ou produção
País de publicação Portugal
101 0# - Língua de publicação
Língua do texto, banda sonora, etc. Português
106 ## - Campo de dados codificados: material textual
Dados codificados do material textual r
105 ## - Campo de dados codificados: livros
Dados codificados dos livros a z 000fy
215 ## - Descrição física 
Indicação específica da natureza do documento e extensão da espécie 29, [1] p.
Outras indicações físicas il.
Dimensões 20 cm
200 1# - Titulo e menção de responsabilidade
Título próprio O macaco de rabo cortado
Primeira menção de responsabilidade adapt. de texto Ana Oom
Outras menções de responsabilidade il. Eunice Rosado
-- texto Rita Silveira Machado, Mónica Montellano
225 1# - Colecção 
Título próprio da colecção Histórias de encantar
210 ## - Publicação, Distribuição, etc. 
Lugar da edição, distribuição, etc. [S.l.]
Nome do editor, distribuidor, etc. 123-Aprender é Divertido
Data da publicação, distribuição, etc. cop. 2007
Lugar da impressão Mem Martins
333 ## - Nota relativa aos potenciais utilizadores
Texto da nota Para crianças dos 2 aos 7 anos
675 ## - Classificação Decimal Universal (CDU)
Notação 087.5
Edição BN
Língua da edição por
Notação 821.134.3-93"20"
Edição BN
Língua da edição por
Notação 821.134.3-34"20"
Edição BN
Língua da edição por
702 #1 - Nome de autor-pessoa física (responsabilidade secundária)
Número de registo de entrada de autoridade 0000573
Palavra de ordem Oom
Outra parte do nome não tomada para palavra de ordem Ana
Código de função Adaptador
Número de registo de entrada de autoridade 0001308
Palavra de ordem Rosado
Outra parte do nome não tomada para palavra de ordem Eunice
Código de função Ilustrador / Técnico de desenho computorizado
Número de registo de entrada de autoridade 0001309
Palavra de ordem Machado
Outra parte do nome não tomada para palavra de ordem Rita Silveira
Código de função Autor / Co-autor
Número de registo de entrada de autoridade 0001310
Palavra de ordem Montellano
Outra parte do nome não tomada para palavra de ordem Mónica
Código de função Autor / Co-autor
966 ## - Identificação da Biblioteca
Sigla BEVendas
942 ## - Elementos de entrada adicionados (Koha)
Tipo de item no Koha Livro
Exemplares
Situação do levantamento Origin of item (home branch) (coded) Biblioteca de empréstimo Código de barras Cota Circulation type (not for loan) Tipo de documento Nota do exemplar Damaged status
  Biblioteca Escolar das Vendas Biblioteca Escolar das Vendas BEV1793 8POR OOM   Livro Sem mensagem